| 000 | 00484nam a2200181Ia 4500 | ||
|---|---|---|---|
| 008 | 230917s9999||||xx |||||||||||||| ||und|| | ||
| 020 | _cRS775 | ||
| 040 |
_e226544 _aMAIN |
||
| 041 | _aEnglish | ||
| 082 | _a005.8 P483S(4) | ||
| 100 | _aPfleegeer, Charles P | ||
| 245 | 0 | _aSecurity in computing | |
| 250 | _a4th ed. | ||
| 260 |
_aNew Delhi _bDorling Kindersley India _c2014 |
||
| 300 | _axxvii, 868 p. | ||
| 500 | _a2050 20/03/2015 RBP44904 27/03/2015 Main Budget | ||
| 942 | _cBK | ||
| 999 |
_c15266 _d15266 |
||